000 00490nam a22001937a 4500
003 MPLRDC
005 20220104143814.0
008 210129b ||||| |||| 00| 0 eng d
020 _a7-214-02869-7
082 _a363.019 WRI
100 _aWRIGHT
245 _a基因的力量
_c郭本禹译
250 _a一版一刷
260 _a
_b江苏人民
_c2001
300 _b
490 _a汉译大众精品文库
650 _a遗传学--基因与遗传性
942 _cBK
_o363.019 WRI
999 _c43507
_d43497